[Event "Southwest op U2000 65th"]
[Site "Houston"]
[Date "1999.09.06"]
[Round "5"]
[White "Doo, Raymond"]
[Black "Wiggins, Eric A"]
[Result "0-1"]
[WhiteElo "1621"]
[BlackElo "1934"]
[PlyCount "96"]
[EventDate "1999.09.04"]
[EventType "swiss"]
[EventRounds "6"]
[EventCountry "USA"]
[SourceTitle "EXT 2001"]
[Source "ChessBase"]
[SourceDate "2000.11.22"]
[SourceVersion "1"]
[SourceVersionDate "2000.11.22"]
[SourceQuality "1"]

1. e4 c5 2. c3 d5 3. exd5 Qxd5 4. Bb5+ Nc6 5. Qf3 Qe5+ 6. Ne2 Bd7 7. 0-0 a6 8. Bc4 Nf6 9. b3 e6 10. Re1 Bd6 11. Qg3 Qxg3 12. Nxg3 Ne5 13. Bf1 0-0-0 14. d3 Bc6 15. Bg5 Bc7 16. Bxf6 gxf6 17. Ne4 Nxd3 18. Bxd3 Rxd3 19. Nxf6 Rhd8 20. Na3 h6 21. Nc4 Bb5 22. Ne3 Rd2 23. a4 Bd3 24. b4 Be5 25. Ned5 Be2 26. Ne4 R8xd5 27. Nxd2 Rxd2 28. Rac1 c4 29. f3 Bg3 30. Rxe2 Rxe2 31. Kf1 Re3 32. b5 axb5 33. axb5 Kc7 34. Kg1 Re1+ 35. Rxe1 Bxe1 36. Kf1 Bxc3 37. Ke2 Bd4 38. Kd2 Kb6 39. g4 Kxb5 40. h4 Kc5 41. f4 b5 42. h5 b4 43. g5 c3+ 44. Kc2 Kc4 45. gxh6 b3+ 46. Kc1 Kd3 47. h7 c2 48. h8Q b2# 0-1